| 000 | 00490nam a2200169Ia 4500 | ||
|---|---|---|---|
| 003 | OSt | ||
| 005 | 20201125103426.0 | ||
| 008 | 190216s9999||||xx |||||||||||||| ||und|| | ||
| 040 | _coclc | ||
| 082 |
_a894.8124 _bVIJ/C |
||
| 100 |
_aVijayan, M N _96720 |
||
| 245 | 0 |
_aChithayile Velicham / _cM N Vijayan |
|
| 260 |
_bCalicut University Publications, _aCalicut: _c1999. |
||
| 300 | _a120p | ||
| 650 | _aLekhanam | ||
| 942 |
_cBK _2ddc _h894.8124 _iVIJ/C _k894.8124 _mVIJ/C |
||
| 999 |
_c27812 _d27812 |
||